| 000 | 00000nas 2200000za 4500 |
| 001 | 9.817897 |
| 003 | CaOODSP |
| 005 | 20221107142602 |
| 007 | cr ||||||||||| |
| 008 | 160518d19791984oncqr p oss f000#a0eng|d |
| 022 | |y0711-9402 |
| 040 | |aCaOODSP|beng |
| 041 | |aeng|afre |
| 043 | |an-cn--- |
| 086 | 1 |aCS53-007-PDF |
| 245 | 00|aPassenger car fuel consumption survey |h[electronic resource] / |cStatistics Canada, Education, Science and Culture Division, Travel, Tourism and Recreation Section [and] Special Surveys Group = Enquête sur la consommation de carburant des automobiles / Statistique Canada, Division de l'éducation, des sciences et de la culture, Section des voyages, du tourisme et des loisirs [et] Groupe des enquêtes spéciales. |
| 246 | 11|aEnquête sur la consommation de carburant des automobiles |
| 260 | |aOttawa : |bThe Division = La Division, |c1980-1985. |
| 310 | |aQuarterly |
| 362 | 0 |a[July/Aug./Sept. 1979]-Oct./Nov./Dec. 1984. |
| 500 | |aDigitized edition from print [produced by Statistics Canada]. |
| 500 | |aOn cover, Jan./Feb./Mar. 1980-Oct./Nov./Dec. 1984: Special Surveys Program = Programme des enquêtes spéciales. |
| 546 | |aText in English and French. |
| 550 | |aIssued Jan./Feb./Mar. 1980-Oct./Nov./Dec. 1980 by Special Surveys Group and Special Surveys Methodology Sub-division; Jan./Feb./Mar. 1981-July/Aug./Sept. 1984 by Special Surveys Division, Special Surveys Methodology Sub-division and Regional Operations Branch; Oct./Nov./Dec. 1984 by Household Surveys Division, Special Surveys Methodology Sub-division and Regional Operations Branch. |
| 580 | |aMerged with: Fuel consumption survey, light trucks and vans, to become: Fuel consumption survey, passenger cars, light trucks and vans. |
| 692 | 07|2gccst|aFuels |
| 692 | 07|2gccst|aMotor vehicles |
| 692 | 07|2gccst|aAutomobiles |
| 710 | 2 |aStatistics Canada.|bSocial Statistics Field.|bSpecial Surveys Group. |
| 710 | 2 |aStatistics Canada.|bSpecial Surveys Methodology Sub-Division. |
| 710 | 2 |aStatistics Canada.|bRegional Operations. |
| 710 | 2 |aStatistics Canada.|bHousehold Surveys Division. |
| 710 | 1 |aCanada. |bStatistics Canada. |bTravel, Tourism and Recreation Section. |
| 785 | 00|tFuel consumption survey, passenger cars, light trucks and vans |w(CaOODSP)9.817910 |
| 792 | |tPassenger car fuel consumption survey |efre|w(CaOODSP)9.817905 |